<?xml version="1.0" encoding="UTF-8"?>
<record
    xmlns:xsi="http://www.w3.org/2001/XMLSchema-instance"
    xsi:schemaLocation="http://www.loc.gov/MARC21/slim http://www.loc.gov/standards/marcxml/schema/MARC21slim.xsd"
    xmlns="http://www.loc.gov/MARC21/slim">

  <leader>00612nam a2200229 u 4500</leader>
  <controlfield tag="001">29878</controlfield>
  <controlfield tag="005">20260504074325.0</controlfield>
  <controlfield tag="008">960313s1971                        eng  </controlfield>
  <datafield tag="035" ind1=" " ind2=" ">
    <subfield code="a">29878</subfield>
  </datafield>
  <datafield tag="035" ind1=" " ind2=" ">
    <subfield code="a">(OCoLC)778072141</subfield>
  </datafield>
  <datafield tag="040" ind1=" " ind2=" ">
    <subfield code="c">comduadb</subfield>
  </datafield>
  <datafield tag="041" ind1=" " ind2=" ">
    <subfield code="a">eng</subfield>
  </datafield>
  <datafield tag="082" ind1=" " ind2="4">
    <subfield code="a">515</subfield>
  </datafield>
  <datafield tag="100" ind1="1" ind2="0">
    <subfield code="a">Schechter, Martin</subfield>
    <subfield code="4">aut</subfield>
    <subfield code="e">aut</subfield>
    <subfield code="9">246193</subfield>
  </datafield>
  <datafield tag="245" ind1="1" ind2="0">
    <subfield code="a">Principles of functional analysis</subfield>
  </datafield>
  <datafield tag="250" ind1=" " ind2=" ">
    <subfield code="a">01.ED</subfield>
  </datafield>
  <datafield tag="260" ind1=" " ind2=" ">
    <subfield code="a">Estados Unidos :</subfield>
    <subfield code="b">Academic Press,</subfield>
    <subfield code="c">1971.</subfield>
  </datafield>
  <datafield tag="300" ind1=" " ind2=" ">
    <subfield code="a">383 p&#xE1;ginas</subfield>
  </datafield>
  <datafield tag="650" ind1=" " ind2="7">
    <subfield code="a">An&#xE1;lisis funcional</subfield>
    <subfield code="2">lemb</subfield>
    <subfield code="9">32359</subfield>
  </datafield>
  <datafield tag="650" ind1=" " ind2="7">
    <subfield code="a">C&#xE1;lculo de variaciones</subfield>
    <subfield code="2">lemb</subfield>
    <subfield code="9">37452</subfield>
  </datafield>
  <datafield tag="942" ind1=" " ind2=" ">
    <subfield code="c">BOOK</subfield>
  </datafield>
  <datafield tag="999" ind1=" " ind2=" ">
    <subfield code="c">36414</subfield>
    <subfield code="d">36414</subfield>
  </datafield>
  <datafield tag="952" ind1=" " ind2=" ">
    <subfield code="0">0</subfield>
    <subfield code="1">0</subfield>
    <subfield code="4">0</subfield>
    <subfield code="7">0</subfield>
    <subfield code="8">GEN</subfield>
    <subfield code="a">BC</subfield>
    <subfield code="b">BC</subfield>
    <subfield code="d">1997-11-06</subfield>
    <subfield code="i">C50514</subfield>
    <subfield code="l">1</subfield>
    <subfield code="m">2</subfield>
    <subfield code="o">515.7 S314p</subfield>
    <subfield code="p">61000001152756</subfield>
    <subfield code="r">2025-09-18 20:09:39</subfield>
    <subfield code="s">2024-10-05</subfield>
    <subfield code="t">1</subfield>
    <subfield code="w">2023-04-20</subfield>
    <subfield code="y">BOOK</subfield>
  </datafield>
  <datafield tag="952" ind1=" " ind2=" ">
    <subfield code="0">0</subfield>
    <subfield code="1">0</subfield>
    <subfield code="2">ddc</subfield>
    <subfield code="4">0</subfield>
    <subfield code="7">0</subfield>
    <subfield code="8">GENERAL</subfield>
    <subfield code="a">CARME</subfield>
    <subfield code="b">CARME</subfield>
    <subfield code="d">2016-11-02</subfield>
    <subfield code="e">Material adquirido por donaci&#xF3;n</subfield>
    <subfield code="f">DONA</subfield>
    <subfield code="g">16000.00</subfield>
    <subfield code="i">C1253891</subfield>
    <subfield code="l">1</subfield>
    <subfield code="o">515.7 S314p</subfield>
    <subfield code="p">1015176</subfield>
    <subfield code="r">2025-11-06 11:11:31</subfield>
    <subfield code="s">2025-10-10</subfield>
    <subfield code="t">2</subfield>
    <subfield code="w">2023-04-20</subfield>
    <subfield code="y">BOOK</subfield>
  </datafield>
</record>
